00888nam a2200241 i 45000010005000000030009000050050017000140080041000310200018000720800013000900800013001031000045001162450058001612600044002193000021002634900064002846500024003486500043003728300072004158520022004879990015005099520122005246158ES-MaACL20240120062952.0890821s1987 sp ||||1| spa d a84-7688-163-0 a621-52:8 a8:621-521 aRuiz de Torres, Juan,d1931-2014915534213aEl ordenador y la literatura / cJuan Ruiz de Torres. aMadrid : bSiglo Cultural, cD.L. 1987. a95 p. ; c23 cm.1 aEnciclopedia práctica de la informática aplicada ; v3914aOrdenadores.91574014aLiteratura-xProceso de datos.91700340 aEnciclopedia práctica de la informática aplicada ; v399192572 aES-MaACLjL-13308 c6158d6158 00104070aATENEOMbATENEOMcDEPO2d2008-01-17eSCl0oL-13308p1006267r2023-02-23 00:00:00w2023-02-23yMONOGRAFIA